书目信息 |
| 题名: |
现代性与中国文学
|
|
| 作者: | 宋剑华 主编 | |
| 分册: | ||
| 出版信息: | 济南 山东教育出版社 1999.11 |
|
| 页数: | 409页 | |
| 开本: | 21cm | |
| 丛书名: | ||
| 单 册: | ||
| 中图分类: | I206.6-53 | |
| 科图分类: | ||
| 主题词: | 现代文学--文学研究--文集--中国 , 现代文学--文学评论--文集--中国 | |
| 电子资源: | ||
| ISBN: | 7-5328-2988-X | |
| 000 | 00617nam0 2200205 45 | |
| 001 | 0105221637 | |
| 005 | 20041213090601.6 | |
| 010 | @a7-5328-2988-X@dCNY15.00 | |
| 100 | @a20010522d1999 km y0chiy0120 ea | |
| 101 | 0 | @achi |
| 105 | @a z 000zy | |
| 200 | 1 | @a现代性与中国文学@AXian Dai Xing Yu Zhong Guo Wen Xue@f宋剑华主编@FSongJian Hua Zhu Bian |
| 210 | @a济南@c山东教育出版社@d1999.11 | |
| 215 | @a409页@d21cm | |
| 606 | 0 | @a现代文学@x文学研究@x文集@y中国 |
| 606 | 0 | @a现代文学@x文学评论@x文集@y中国 |
| 690 | @aI206.6-53@v4 | |
| 701 | @a宋剑华@4主编 | |
| 801 | @aCN@bTSTC@c20010522 | |
| 905 | @dI206.6-53@e111 | |
| 现代性与中国文学/宋剑华主编.-济南:山东教育出版社,1999.11 |
| 409页;21cm |
| ISBN 7-5328-2988-X:CNY15.00 |
| ● |
| 相关链接 |
|
|
|
|
正题名:现代性与中国文学
索取号:I206.6-53/111
 
预约/预借
| 序号 | 登录号 | 条形码 | 馆藏地/架位号 | 状态 | 备注 |
| 1 | 0297410 | 202974102 | 第二借阅区/ [索取号:I206.6-53/111] | 在馆 | |
| 2 | 0297411 | 202974111 | 第二借阅区/ [索取号:I206.6-53/111] | 在馆 | |
| 3 | 0297412 | 202974120 | 第二借阅区/ [索取号:I206.6-53/111] | 在馆 | |
| 4 | 0297413 | 202974139 | 第二借阅区/ [索取号:I206.6-53/111] | 在馆 | |
| 5 | 0297414 | 202974148 | 第一样本阅览室/ [索取号:I206.6-53/111] | 在馆 |